000 00713nam a2200217 a 4500
999 _c8221
_d8221
001 8221
003 BD-JhCC
005 20180224125855.0
008 171217s2000 bg a|||| |||| 000 0 ben d
035 _a(BD-JhCC)8221
040 _aBD-JhCC
_dBD-JhCC
041 _aben
082 _a530
_bUCC 2000
245 _aউচ্চ মাধ্যমিক পদার্থবিজ্ঞান (১ম ও ২য়) :
_bব্যবহারিক সহ /
_c ড: তফাজ্জল হোসেন ...[et. all].
260 _aঢাকা :
_bHAS 1998
300 _a96 p. :
_c24 cm.
_bill.;
650 _aPhysics
700 _aহোসেন, ড: তফাজ্জল
942 _2ddc
_cBK